000 00558nam a2200169 i 4500
001 75510
003 ES-MaACL
005 20230906172503.0
007 t|
008 040924s1970 sp ||||1| spa d
100 1 _aGrelot, Pierre.
_959935
245 1 3 _aEl problema del pecado original /
_cPierre Grelot ; [versión de la Comunidad Religiosa de San Benito (Monserrat)].
260 _aBarcelona :
_bHerder,
_c1970.
300 _a167 p. ;
_c20 cm.
710 2 _aComunidad Religiosa del Monasterio de San Benito.
_93137
852 _aES-MaACL
_jC-44265
_bR.73027
999 _c75510
_d75510